Preksha Dhyana: Human Body Anatomy and physiology Part 1 (Record no. 224315)

MARC details
000 -LEADER
fixed length control field 00659nam a22002177a 4500
005 - DATE AND TIME OF LATEST TRANSACTION
control field 20220801100820.0
008 - FIXED-LENGTH DATA ELEMENTS--GENERAL INFORMATION
fixed length control field 220801b ||||| |||| 00| 0 eng d
040 ## - CATALOGING SOURCE
Transcribing agency AL
041 ## - LANGUAGE CODE
Language code of text/sound track or separate title English
082 ## - DEWEY DECIMAL CLASSIFICATION NUMBER
Edition number 23
Classification number 612
Item number ZAVP
100 ## - MAIN ENTRY--PERSONAL NAME
Personal name Jethalal S Zaveri
100 ## - MAIN ENTRY--PERSONAL NAME
9 (RLIN) 54118
245 ## - TITLE STATEMENT
Title Preksha Dhyana: Human Body Anatomy and physiology Part 1
260 ## - PUBLICATION, DISTRIBUTION, ETC.
Place of publication, distribution, etc. Ladnun
Name of publisher, distributor, etc. Tulsi Adhyatma Nidam
Date of publication, distribution, etc. 1990
300 ## - PHYSICAL DESCRIPTION
Extent xiii,123 p.
Other physical details PB
Dimensions 21.4x13.5 cm.
365 ## - TRADE PRICE
Price type code ₹60.00
Price amount
Currency code ₹60.00
440 ## - SERIES STATEMENT/ADDED ENTRY--TITLE
Title Science Of Living Series II
9 (RLIN) 54119
650 ## - SUBJECT ADDED ENTRY--TOPICAL TERM
Topical term or geographic name entry element Human anatomy
9 (RLIN) 54120
650 ## - SUBJECT ADDED ENTRY--TOPICAL TERM
Topical term or geographic name entry element Human physiology
9 (RLIN) 54121
700 ## - ADDED ENTRY--PERSONAL NAME
Personal name ZAVERI (Jethalal S)
9 (RLIN) 54122
942 ## - ADDED ENTRY ELEMENTS (KOHA)
Source of classification or shelving scheme Dewey Decimal Classification
Koha item type George Fernandes Collections
Holdings
Withdrawn status Lost status Source of classification or shelving scheme Damaged status Not for loan Collection code Home library Current library Date acquired Total Checkouts Full call number Barcode Date last seen Price effective from Koha item type
    Dewey Decimal Classification     Others St Aloysius Library St Aloysius Library 03/23/2013   612 ZAVP GF03579 08/01/2022 08/01/2022 George Fernandes Collections